Bez poslucháča sa prebúdzame

Bibliographic Details
Main Authors: Lehuta, Emil, 1931-2006 (Author), Makovická-Hajdová, Hana (Author)
Format: Article
Language:Slovak
Subjects:

MARC

LEADER 00000nab a2200000 a 4500
001 vtls000610231
003 SK-MaSNL
005 20260303195944.0
008 160401c1997 xo 0 slo
015 |a SNBRB19rr/mm-uuuuu 
035 |a CL0610370 
040 |a SNKBUCL  |b slo  |c SNKBUCL  |e AACR2 
041 0 |a slo 
044 |a xo  |c SK 
080 |a 7.096  |2 1981 
100 1 |a Lehuta, Emil,  |d 1931-2006  |4 aut  |9 110640 
245 1 0 |a Bez poslucháča sa prebúdzame  |c Emil Lehuta 
500 |a Réžia Hana Makovická-Hajdová 
650 0 7 |a O svätej Dorote (hra ľudová)  |2 snkbucl  |9 1229572 
650 0 7 |a Slovenský rozhlas.  |b Štúdio Košice  |2 snkbucl  |9 1229532 
655 7 |a články z novín a časopisov  |2 snkbucl  |9 267496 
700 1 |a Makovická-Hajdová, Hana  |4 aut  |9 880026 
773 0 |t Pravda  |g Roč. 7, č. 9 (13. 1. 1997), s. 7 
850 |a Slovenská národná knižnica v Martine  |a MTA001 
852 |a SNK  |b KIS3GCP 
958 |a SK 
958 |a RK 
958 |a RBX 
999 |c 2165621  |d 2167551